000 00750nam a22001577a 4500
003 OSt
005 20150919102333.0
008 150919b xxu||||| |||| 00| 0 eng d
040 _cRUA
082 _aAGR MEY 2006 B034 Or.1
100 _9836
_aMEY, POLIN.
245 _aEffectiveness of organic and chemical fertilizer on soybean growing at royal university of agriculture ប្រសិទ្ធភាពជីសរីរាង្គ និងជីគីមីទៅលើការដាំដុះដំណាំសណ្តែកសៀង ក្នុងលក្ខខណ្ឌសាកលវិទ្យាល័យភូមិន្ទកសិកម្ម
260 _aPhnom Penh
_bRUA
_c2006
300 _a52p.
_bill.
_c29cm
942 _2ddc
_cAGR
999 _c807
_d807